书目信息 |
| 题名: |
普京凭什么这么牛
|
|
| 作者: | 易定宏 编著 | |
| 分册: | ||
| 出版信息: | 北京 时事出版社 2004.6 |
|
| 页数: | [8], 286页 | |
| 开本: | 21cm | |
| 丛书名: | ||
| 单 册: | ||
| 中图分类: | K835.127=5 | |
| 科图分类: | ||
| 主题词: | ||
| 电子资源: | ||
| ISBN: | 7-80009-818-4 | |
| 000 | 00602nam0 2200205 45 | |
| 001 | 012004000000 | |
| 005 | 20050112160504.90 | |
| 010 | @a7-80009-818-4@dCNY 25.00 | |
| 100 | @a20041108e20042004em y0chiy0121 ea | |
| 101 | 0 | @achi |
| 102 | @aCN@b110000 | |
| 105 | @aaf z 000yb | |
| 200 | 1 | @a普京凭什么这么牛@Apu jing ping shen me zhe me niu@f易定宏编著 |
| 210 | @a北京@c时事出版社@d2004.6@h2004.6重印 | |
| 215 | @a[8], 286页@c图, 照片@d21cm | |
| 600 | 0 | @a普京@x传记 |
| 690 | @aK835.127=5@v4 | |
| 701 | 0 | @a易定宏@Ayi ding hong@4编著 |
| 801 | 0 | @aCN@bQSSKw@c20050112 |
| 905 | @a10447@dK835.127=5@eY546 | |
| 普京凭什么这么牛/易定宏编著.-北京:时事出版社,2004.6(2004.6重印) |
| [8], 286页:图, 照片;21cm |
| ISBN 7-80009-818-4:CNY 25.00 |
| ● |
| 相关链接 |
|
|
|
正题名:普京凭什么这么牛
索取号:K835.127=5/Y546
 
预约/预借
| 序号 | 登录号 | 条形码 | 馆藏地/架位号 | 状态 | 备注 |
| 1 | 436351 | 204363517 | 社科库309/309社科库 100排1列4层/ [索取号:K835.127=5/Y546] | 在馆 | |
| 2 | 436352 | 204363526 | 社科库309/309社科库 100排1列4层/ [索取号:K835.127=5/Y546] | 在馆 | |
| 3 | 436353 | 204363535 | 社科库309/309社科库 100排1列4层/ [索取号:K835.127=5/Y546] | 在馆 |